00402nam a22001337a 4500003000400000008004100004082001500045100002700060245004900087250000800136260002800144300000900172650008700181OSt220228b ||||| |||| 00| 0 eng d a610.28 RAP aRANE,Bhushan R & other aPractical book of pharmaceutical Engineering a4th aNew DelhibNiralic2020 apg64 aPharmaceutics- Drug Delivery Systems,Pharmaceutical Engineering regularity Science